000 00621nas a2200217 4500
001 BR9509362
003 BR-BrBNA
005 20231205094543.0
007 ta
008 230509b bl.|||p| |||| 00| 00por d
040 _aBR-BrBNA
_bpor
_cBiblioteca Nacional de Agricultura
041 _a(En)
072 _aF50
100 1 _aFernandes, A.
245 1 _aNovitates florae Nordestinae Brasiliensis
650 _aCaesalpiniaceae
650 _aAnatomia Vegetal
773 0 _tBradea (Brazil)
_xISSN 0084-800X
_g(Mar 1994), v.6(33) p. 280-288
_wBR9509362
909 _a202311
_bLúcia
_c55
_dLúcia Elande
942 _2AGRIS
_n0
_cANA
999 _c145207
_d145207